01798nam a22003737a 4500003000900000005001700009007000300026008003100029020001800060040002700078082002400105100001800129240010200147245018900249260006500438300002200503490004600525500007100571500003400642500007300676504003200749600003500781610005300816650005400869650006000923651007900983651007901062651006701141651006701208651004801275700002901323700002801352830004401380DO-SdBNP20240401203001.0ta210701b 2018 dr 00| 0 eng d a9789945911930 aDO-SdBNPbspa cBNPHU  4a972.9304bV421s2221 aVeeser, Cyrus10aA world safe for capitalism :$bdollar diplomacy and America's rise to global power lEspañol13aLa soberanía en jaque : bUlises Heureaux y la injerencia estadounidense, 1890-1908 /cCyrus Veeser ; traducción, Blanca Jiménez ; cuidado de edición, Jesús R. Navarro Zerpa. aSanto Domingo : bAcademia Dominicana de la Historia,c2018. a383 p. ;c23 cm. 1 aAcademia Dominicana de la Historia ;v146 aIncluye datos biográficos del autor en la solapa de la cubierta. aIncluye índice onomástico aIncluye referencias bibliográficas y notas al pie de las páginas aBibliografía : p. 345-36010a Heureaux, Ulises, d1845-18992 aSan Domingo Improvement Company (New York, N.Y.) 4aDeuda públicazRepública DominicanaxHistoria 4aPrestamos americanos zRepública DominicanaxHistoria 4aEstados UnidosxRelaciones económicas exterioreszRepública Dominicana 4aRepública DominicanaxRelaciones económicas exterioreszEstados Unidos 4aRepública DominicanaxRelaciones exteriores zEstados Unidos 4aEstados UnidosxRelaciones exterioreszRepública Dominicana  4aRepública DominicanaxHistoriay1890-19081 a Jiménez, Blancaetr.1 a Jiménez, Blancaeed. 0aAcademia Dominicana de la Historian146